[Event "eytcc"]
[Site "?"]
[Date "2017.08.22"]
[Round "6.3"]
[White "Tica, Sven"]
[Black "Radovanovic, Mihajlo"]
[Result "1-0"]
[BlackElo "2357"]
[WhiteElo "2368"]
[LiveChessVersion "1.4.4"]

1. d4 {[%clk 1:30:56]} Nf6 {[%clk 1:30:50]} 2. Nf3 {[%clk 1:31:21]} g6
{[%clk 1:31:15]} 3. g3 {[%clk 1:31:45]} Bg7 {[%clk 1:31:41]} 4. Bg2
{[%clk 1:32:10]} O-O {[%clk 1:32:05]} 5. O-O {[%clk 1:32:36]} d6 {[%clk 1:32:31]}
6. b3 {[%clk 1:33:01]} a5 {[%clk 1:18:53]} 7. c4 {[%clk 1:33:25]} Nbd7
{[%clk 1:18:31]} 8. Bb2 {[%clk 1:33:38]} a4 {[%clk 1:11:46]} 9. Nbd2
{[%clk 1:26:33]} c6 {[%clk 0:59:57]} 10. Qc2 {[%clk 1:21:40]} Re8
{[%clk 0:58:54]} 11. Rfd1 {[%clk 1:10:06]} Qa5 {[%clk 0:53:47]} 12. Bc3
{[%clk 1:05:43]} Qa6 {[%clk 0:50:10]} 13. Ne1 {[%clk 0:55:58]} e5
{[%clk 0:38:20]} 14. dxe5 {[%clk 0:44:54]} dxe5 {[%clk 0:37:12]} 15. Nd3
{[%clk 0:42:20]} Qa7 {[%clk 0:32:31]} 16. e3 {[%clk 0:37:27]} Nc5
{[%clk 0:25:24]} 17. Nxc5 {[%clk 0:33:10]} Qxc5 {[%clk 0:25:52]} 18. b4
{[%clk 0:33:19]} Qe7 {[%clk 0:25:55]} 19. c5 {[%clk 0:30:08]} Nd5
{[%clk 0:18:42]} 20. e4 {[%clk 0:28:19]} Nxc3 {[%clk 0:18:04]} 21. Qxc3
{[%clk 0:28:48]} Be6 {[%clk 0:16:03]} 22. Nc4 {[%clk 0:23:37]} Bxc4
{[%clk 0:16:25]} 23. Qxc4 {[%clk 0:24:03]} Red8 {[%clk 0:15:46]} 24. Qc2
{[%clk 0:22:39]} Rd4 {[%clk 0:09:22]} 25. Rxd4 exd4 {[%clk 0:09:51]} 26. Rd1
{[%clk 0:18:59]} Qe6 {[%clk 0:07:59]} 27. Bf1 {[%clk 0:17:29]} h5
{[%clk 0:06:16]} 28. Bc4 {[%clk 0:16:01]} Qe7 {[%clk 0:04:41]} 29. f4
{[%clk 0:11:28]} b6 {[%clk 0:01:45]} 30. e5 {[%clk 0:10:28]} b5 {[%clk 0:01:52]}
31. Be2 {[%clk 0:10:09]} Rd8 {[%clk 0:01:46]} 32. Bf3 {[%clk 0:10:09]} Qe6
{[%clk 0:01:41]} 33. a3 {[%clk 0:09:38]} Kh7 {[%clk 0:00:57]} 34. Qe4
{[%clk 0:08:07]} Qb3 {[%clk 0:00:44]} 35. Qd3 {[%clk 0:08:22]} Qe6
{[%clk 0:00:41]} 36. Bxh5 {[%clk 0:08:20]} Kh6 {[%clk 0:00:53]} 37. Bf3
{[%clk 0:07:53]} f6 {[%clk 0:01:19]} 38. Qe4 {[%clk 0:06:09]} fxe5
{[%clk 0:00:52]} 39. fxe5 {[%clk 0:05:58]} g5 {[%clk 0:00:57]} 40. Qxc6
{[%clk 0:35:20]} Qxc6 {[%clk 0:31:13]} 41. Bxc6 {[%clk 0:35:43]} Bxe5
{[%clk 0:26:55]} 42. Bxb5 {[%clk 0:35:39]} Kg7 {[%clk 0:25:30]} 43. Rd3
{[%clk 0:35:46]} Ra8 {[%clk 0:25:39]} 44. Kg2 {[%clk 0:35:54]} Kf6
{[%clk 0:25:37]} 45. Kf3 {[%clk 0:36:13]} Rh8 {[%clk 0:25:24]} 46. Ke4
{[%clk 0:36:15]} g4 {[%clk 0:25:05]} 47. Rd2 {[%clk 0:36:32]} Bc7
{[%clk 0:23:35]} 48. Rf2+ {[%clk 0:36:16]} Kg5 {[%clk 0:23:33]} 49. Kxd4
{[%clk 0:36:18]} Rd8+ {[%clk 0:23:43]} 50. Kc4 {[%clk 0:35:58]} Be5
{[%clk 0:23:48]} 51. Bxa4 {[%clk 0:35:51]} Rd4+ {[%clk 0:24:10]} 52. Kb5
{[%clk 0:36:07]} Rd3 {[%clk 0:24:34]} 53. Bc2 {[%clk 0:36:19]} 1-0

[Event "eytcc"]
[Site "?"]
[Date "2017.08.22"]
[Round "6.4"]
[White "Ivic, Velimir"]
[Black "Tomulic, Teo"]
[Result "1-0"]
[BlackElo "2319"]
[WhiteElo "2383"]
[LiveChessVersion "1.4.4"]

1. e4 {[%clk 1:30:59]} c6 {[%clk 1:30:39]} 2. d4 {[%clk 1:31:23]} d5
{[%clk 1:31:06]} 3. e5 {[%clk 1:31:49]} Bf5 {[%clk 1:31:31]} 4. h4
{[%clk 1:32:13]} h5 {[%clk 1:31:57]} 5. Bd3 {[%clk 1:32:38]} Bxd3
{[%clk 1:32:05]} 6. Qxd3 {[%clk 1:33:02]} e6 {[%clk 1:31:16]} 7. Bg5
{[%clk 1:33:17]} Qb6 {[%clk 1:31:04]} 8. Nd2 {[%clk 1:33:33]} c5 {[%clk 1:31:02]}
9. c4 {[%clk 1:33:57]} Qxb2 {[%clk 1:30:46]} 10. Rb1 {[%clk 1:34:23]} Qxd4
{[%clk 1:31:11]} 11. Qa3 {[%clk 1:34:49]} Qxe5+ {[%clk 1:29:02]} 12. Ne2
{[%clk 1:35:14]} Qc7 {[%clk 1:27:35]} 13. cxd5 {[%clk 1:35:37]} exd5
{[%clk 1:12:50]} 14. Nf4 {[%clk 1:36:01]} Ne7 {[%clk 0:53:35]} 15. O-O
{[%clk 1:35:58]} f6 {[%clk 0:46:03]} 16. Rfe1 {[%clk 1:33:45]} fxg5
{[%clk 0:41:52]} 17. Nxd5 {[%clk 1:32:47]} Qc6 {[%clk 0:34:42]} 18. Nb6
{[%clk 1:32:16]} axb6 {[%clk 0:33:18]} 19. Qxa8 {[%clk 1:32:40]} Qc7
{[%clk 0:33:22]} 20. Nc4 {[%clk 1:21:40]} Rh6 {[%clk 0:29:01]} 21. hxg5
{[%clk 1:21:57]} Rg6 {[%clk 0:29:16]} 22. a4 {[%clk 1:15:31]} Kd8
{[%clk 0:20:10]} 23. Ne5 {[%clk 0:51:24]} Re6 {[%clk 0:20:35]} 24. Nf7+
{[%clk 0:41:41]} Kd7 {[%clk 0:18:20]} 25. Red1+ {[%clk 0:39:59]} Ke8
{[%clk 0:17:43]} 26. Rd8+ {[%clk 0:40:18]} Kxf7 {[%clk 0:18:12]} 27. Rxb8
{[%clk 0:40:41]} Kg6 {[%clk 0:17:15]} 28. Rxf8 {[%clk 0:39:02]} Nd5
{[%clk 0:17:33]} 29. Re8 {[%clk 0:28:40]} Rc6 {[%clk 0:16:11]} 30. Rbe1
{[%clk 0:26:07]} c4 {[%clk 0:12:55]} 31. R8e5 {[%clk 0:17:51]} Qf7
{[%clk 0:11:09]} 32. Qd8 {[%clk 0:17:01]} Nf4 {[%clk 0:09:53]} 33. Re7
{[%clk 0:17:06]} Qd5 {[%clk 0:09:41]} 34. Qe8+ {[%clk 0:17:23]} Kf5
{[%clk 0:09:35]} 35. R7e5+ {[%clk 0:17:48]} Qxe5 {[%clk 0:09:59]} 36. Qxe5+
{[%clk 0:18:08]} Kg4 {[%clk 0:10:23]} 37. Re4 {[%clk 0:18:30]} 1-0

[Event "eytcc"]
[Site "?"]
[Date "2017.08.22"]
[Round "6.5"]
[White "Kollars, Dmitrij"]
[Black "Kantor, Gergely"]
[Result "1/2-1/2"]
[BlackElo "2479"]
[WhiteElo "2514"]
[LiveChessVersion "1.4.4"]

1. e4 {[%clk 1:30:55]} e5 {[%clk 1:30:42]} 2. Nf3 {[%clk 1:31:17]} Nc6
{[%clk 1:30:58]} 3. Bb5 {[%clk 1:31:33]} Nf6 4. O-O {[%clk 1:31:31]} Nxe4
{[%clk 1:31:11]} 5. Re1 {[%clk 1:31:32]} Nd6 {[%clk 1:31:19]} 6. Nxe5
{[%clk 1:31:41]} Be7 {[%clk 1:31:33]} 7. Bf1 {[%clk 1:31:42]} Nxe5
{[%clk 1:31:19]} 8. Rxe5 {[%clk 1:32:06]} O-O {[%clk 1:31:43]} 9. Nc3
{[%clk 1:32:00]} Ne8 {[%clk 1:31:22]} 10. Nd5 {[%clk 1:32:05]} Bd6
{[%clk 1:31:42]} 11. Re1 {[%clk 1:32:14]} c6 {[%clk 1:31:15]} 12. Ne3
{[%clk 1:32:31]} Bc7 {[%clk 1:30:59]} 13. Nf5 {[%clk 1:32:35]} d5
{[%clk 1:31:19]} 14. Ne7+ {[%clk 1:32:54]} Kh8 {[%clk 1:31:45]} 15. Nxc8
{[%clk 1:33:14]} Rxc8 {[%clk 1:31:24]} 16. d3 {[%clk 1:32:58]} Qd7
{[%clk 1:28:06]} 17. Qf3 {[%clk 1:27:21]} Nd6 {[%clk 1:27:21]} 18. g3
{[%clk 1:22:47]} Rfe8 {[%clk 1:22:51]} 19. Bd2 {[%clk 1:18:40]} Kg8
{[%clk 1:21:49]} 20. h4 {[%clk 1:11:45]} Rcd8 {[%clk 1:11:35]} 21. h5
{[%clk 0:59:29]} h6 {[%clk 1:06:07]} 22. Kh2 {[%clk 0:52:05]} Ne4
{[%clk 0:54:44]} 23. dxe4 {[%clk 0:42:25]} dxe4 {[%clk 0:54:27]} 24. Rxe4
{[%clk 0:42:13]} Rxe4 {[%clk 0:50:24]} 25. Qxe4 {[%clk 0:42:36]} Qxd2
{[%clk 0:50:40]} 26. Be2 {[%clk 0:40:14]} Qd4 {[%clk 0:45:40]} 27. Qxd4
{[%clk 0:38:36]} Rxd4 {[%clk 0:46:02]} 28. Rd1 {[%clk 0:36:22]} Rxd1
{[%clk 0:46:13]} 29. Bxd1 {[%clk 0:36:47]} Kf8 {[%clk 0:45:14]} 30. Kg2
{[%clk 0:36:56]} Ke7 {[%clk 0:45:39]} 1/2-1/2

[Event "eytcc"]
[Site "?"]
[Date "2017.08.22"]
[Round "6.6"]
[White "Kozak, Adam"]
[Black "Perske, Thore"]
[Result "1-0"]
[BlackElo "2431"]
[WhiteElo "2422"]
[LiveChessVersion "1.4.4"]

1. Nf3 {[%clk 1:30:51]} Nf6 {[%clk 1:30:44]} 2. c4 {[%clk 1:30:55]} e6
{[%clk 1:30:33]} 3. Nc3 {[%clk 1:27:42]} d5 {[%clk 1:29:37]} 4. d4
{[%clk 1:27:30]} c5 {[%clk 1:29:19]} 5. cxd5 {[%clk 1:26:26]} Nxd5
{[%clk 1:29:21]} 6. g3 {[%clk 1:25:15]} cxd4 {[%clk 1:27:12]} 7. Nxd5
{[%clk 1:23:09]} Qxd5 {[%clk 1:23:00]} 8. Qxd4 {[%clk 1:22:47]} Qb5
{[%clk 1:16:09]} 9. e4 {[%clk 1:20:20]} Bb4+ {[%clk 1:14:11]} 10. Nd2
{[%clk 0:57:26]} Qa4 {[%clk 1:08:15]} 11. Qxg7 {[%clk 0:44:09]} Bxd2+
{[%clk 1:08:30]} 12. Kxd2 {[%clk 0:44:21]} Rf8 {[%clk 1:07:19]} 13. Bd3
{[%clk 0:41:36]} Nc6 {[%clk 1:07:10]} 14. b3 {[%clk 0:38:27]} Qa5+
{[%clk 0:59:54]} 15. Qc3 {[%clk 0:38:15]} Qh5 {[%clk 0:53:50]} 16. Be2
{[%clk 0:36:24]} Qg6 {[%clk 0:50:49]} 17. Ba3 {[%clk 0:31:19]} Rg8
{[%clk 0:50:46]} 18. f3 {[%clk 0:31:28]} Bd7 {[%clk 0:47:02]} 19. Rad1
{[%clk 0:27:43]} f5 {[%clk 0:42:53]} 20. e5 {[%clk 0:23:09]} f4 {[%clk 0:43:07]}
21. gxf4 {[%clk 0:19:31]} Qh6 {[%clk 0:42:36]} 22. Ke3 {[%clk 0:17:33]} O-O-O
{[%clk 0:40:09]} 23. Bd6 {[%clk 0:11:02]} Rg2 {[%clk 0:38:31]} 24. b4
{[%clk 0:09:47]} Qh4 {[%clk 0:34:23]} 25. Qe1 {[%clk 0:06:20]} Ne7
{[%clk 0:28:54]} 26. Rc1+ {[%clk 0:06:30]} Bc6 {[%clk 0:29:19]} 27. Qxh4
{[%clk 0:06:32]} Nf5+ {[%clk 0:29:43]} 28. Kd3 {[%clk 0:06:43]} Nxh4
{[%clk 0:28:24]} 29. b5 {[%clk 0:07:00]} Nf5 {[%clk 0:28:10]} 30. bxc6
{[%clk 0:07:12]} Nxd6 {[%clk 0:28:39]} 31. cxb7+ {[%clk 0:07:14]} Kxb7
{[%clk 0:29:03]} 32. exd6 {[%clk 0:07:35]} Rxd6+ {[%clk 0:29:32]} 33. Ke4 1-0

[Event "eytcc"]
[Site "?"]
[Date "2017.08.22"]
[Round "6.7"]
[White "Sawlin, Leonid"]
[Black "Havasi, Gergo"]
[Result "1-0"]
[BlackElo "2380"]
[WhiteElo "2331"]
[LiveChessVersion "1.4.4"]

1. e4 {[%clk 1:30:59]} e5 {[%clk 1:30:48]} 2. Nf3 {[%clk 1:31:24]} Nc6
{[%clk 1:31:10]} 3. Bc4 {[%clk 1:31:51]} Nf6 {[%clk 1:31:27]} 4. d3
{[%clk 1:32:16]} Be7 {[%clk 1:31:25]} 5. O-O {[%clk 1:32:20]} O-O
{[%clk 1:31:03]} 6. Re1 {[%clk 1:32:12]} d6 {[%clk 1:28:59]} 7. a4
{[%clk 1:31:38]} Kh8 {[%clk 1:25:03]} 8. h3 {[%clk 1:31:19]} Ng8 {[%clk 1:20:19]}
9. Nc3 {[%clk 1:31:36]} f5 {[%clk 1:17:41]} 10. Nd5 {[%clk 1:31:38]} f4
{[%clk 1:06:22]} 11. c3 {[%clk 1:19:57]} g5 {[%clk 0:57:01]} 12. Nh2
{[%clk 1:20:01]} Bf6 {[%clk 0:50:51]} 13. a5 {[%clk 1:13:19]} a6 {[%clk 0:48:28]}
14. b4 {[%clk 1:09:12]} Bg7 {[%clk 0:34:19]} 15. Qh5 {[%clk 1:06:06]} Bd7
{[%clk 0:28:25]} 16. Bb2 {[%clk 0:51:39]} Be8 {[%clk 0:21:24]} 17. Qd1
{[%clk 0:50:26]} Nb8 {[%clk 0:17:12]} 18. d4 {[%clk 0:45:35]} Nd7
{[%clk 0:16:25]} 19. Be2 {[%clk 0:44:59]} c6 {[%clk 0:14:52]} 20. Nb6
{[%clk 0:45:19]} Nxb6 {[%clk 0:15:13]} 21. axb6 {[%clk 0:45:46]} Qxb6
{[%clk 0:12:07]} 22. Nf3 {[%clk 0:45:46]} exd4 {[%clk 0:06:51]} 23. Nxd4
{[%clk 0:43:28]} Bd7 {[%clk 0:06:40]} 24. Bg4 {[%clk 0:41:02]} Qc7
{[%clk 0:05:06]} 25. Bxd7 {[%clk 0:39:41]} Qxd7 {[%clk 0:05:33]} 26. Nf3
{[%clk 0:36:42]} Qe7 {[%clk 0:00:56]} 27. Ra5 {[%clk 0:37:02]} h6
{[%clk 0:01:13]} 28. Qa1 {[%clk 0:34:38]} Rae8 {[%clk 0:00:41]} 29. c4
{[%clk 0:34:20]} Bxb2 {[%clk 0:00:44]} 30. Qxb2+ {[%clk 0:34:45]} Qf6
{[%clk 0:00:36]} 31. Qd2 {[%clk 0:34:21]} Re7 {[%clk 0:00:34]} 32. Rf5
{[%clk 0:34:10]} Qg7 {[%clk 0:00:43]} 33. Rxf8 {[%clk 0:34:24]} Qxf8
{[%clk 0:01:11]} 34. Qxd6 {[%clk 0:34:32]} Qg7 {[%clk 0:00:37]} 35. e5
{[%clk 0:33:55]} Rd7 {[%clk 0:00:36]} 36. Qe6 {[%clk 0:33:38]} Qe7
{[%clk 0:00:42]} 37. Qf5 {[%clk 0:33:26]} Qf7 {[%clk 0:00:34]} 38. Qg4
{[%clk 0:32:53]} Re7 {[%clk 0:00:33]} 39. h4 {[%clk 0:31:47]} Qxc4
{[%clk 0:00:41]} 40. hxg5 {[%clk 1:01:48]} Qxb4 {[%clk 0:30:39]} 41. gxh6
{[%clk 0:59:53]} Nxh6 {[%clk 0:23:28]} 42. Qh4 {[%clk 0:57:25]} Re6
{[%clk 0:17:28]} 43. Rd1 {[%clk 0:54:32]} Qe7 {[%clk 0:17:09]} 44. Qh5
{[%clk 0:53:25]} Kg7 {[%clk 0:13:29]} 45. Rd4 {[%clk 0:50:02]} Qf7
{[%clk 0:00:50]} 46. Qg5+ {[%clk 0:50:04]} Rg6 {[%clk 0:01:04]} 47. Qd8
{[%clk 0:50:10]} Qa2 {[%clk 0:00:53]} 48. Rxf4 {[%clk 0:49:19]} Nf7
{[%clk 0:00:35]} 49. Qe7 {[%clk 0:47:50]} b5 {[%clk 0:00:32]} 50. Rf6
{[%clk 0:47:07]} Rxf6 {[%clk 0:00:34]} 51. Qxf6+ {[%clk 0:47:29]} Kg8
{[%clk 0:00:39]} 52. e6 {[%clk 0:46:53]} Qb1+ {[%clk 0:01:07]} 53. Kh2
{[%clk 0:47:18]} Qh7+ {[%clk 0:01:14]} 54. Nh4 {[%clk 0:47:01]} Nh6
{[%clk 0:00:33]} 55. Qd8+ {[%clk 0:46:37]} Kg7 {[%clk 0:01:01]} 56. Qd7+
{[%clk 0:46:51]} Kh8 {[%clk 0:00:33]} 57. e7 {[%clk 0:47:15]} Ng8
{[%clk 0:00:46]} 58. Qd4+ {[%clk 0:47:31]} 1-0

[Event "eytcc"]
[Site "?"]
[Date "2017.08.22"]
[Round "6.8"]
[White "Marosi, Levente"]
[Black "Lagunow, Raphael"]
[Result "0-1"]
[BlackElo "2358"]
[WhiteElo "2310"]
[LiveChessVersion "1.4.4"]

1. e4 {[%clk 1:30:56]} c5 {[%clk 1:30:54]} 2. Nf3 {[%clk 1:31:15]} Nc6
{[%clk 1:31:18]} 3. d4 {[%clk 1:31:38]} cxd4 {[%clk 1:31:42]} 4. Nxd4
{[%clk 1:32:03]} Nf6 {[%clk 1:32:04]} 5. Nc3 {[%clk 1:32:23]} e5 {[%clk 1:32:26]}
6. Ndb5 {[%clk 1:32:17]} d6 {[%clk 1:32:42]} 7. Bg5 {[%clk 1:32:15]} a6
{[%clk 1:32:54]} 8. Na3 {[%clk 1:32:37]} b5 {[%clk 1:33:13]} 9. Nd5
{[%clk 1:32:48]} Be7 {[%clk 1:33:34]} 10. Bxf6 {[%clk 1:32:49]} Bxf6
{[%clk 1:33:56]} 11. c4 {[%clk 1:33:04]} b4 {[%clk 1:34:11]} 12. Nc2
{[%clk 1:33:15]} a5 {[%clk 1:34:33]} 13. g3 {[%clk 1:33:06]} O-O {[%clk 1:34:35]}
14. Bg2 {[%clk 1:33:02]} Bg5 {[%clk 1:34:26]} 15. O-O {[%clk 1:32:47]} Ne7
{[%clk 1:34:41]} 16. Nce3 {[%clk 1:32:45]} Bxe3 {[%clk 1:32:12]} 17. Nxe3
{[%clk 1:32:43]} Qc7 {[%clk 1:27:37]} 18. Qd2 {[%clk 1:18:35]} Qc5
{[%clk 1:23:54]} 19. Nf5 {[%clk 1:10:26]} Bxf5 {[%clk 1:06:37]} 20. exf5
{[%clk 1:09:22]} Rad8 {[%clk 1:06:54]} 21. f6 {[%clk 0:48:00]} gxf6
{[%clk 1:06:59]} 22. Qh6 {[%clk 0:44:45]} Qxc4 {[%clk 0:57:34]} 23. f4
{[%clk 0:32:10]} f5 {[%clk 0:30:14]} 24. Qg5+ {[%clk 0:21:50]} Ng6
{[%clk 0:30:37]} 25. Qxf5 {[%clk 0:18:39]} exf4 {[%clk 0:28:25]} 26. Kh1
{[%clk 0:07:42]} fxg3 {[%clk 0:10:14]} 27. hxg3 {[%clk 0:08:09]} d5
{[%clk 0:10:32]} 28. b3 {[%clk 0:06:23]} Qc7 {[%clk 0:10:11]} 29. Bxd5
{[%clk 0:05:46]} Qxg3 {[%clk 0:09:31]} 30. Bxf7+ {[%clk 0:03:43]} Kg7
{[%clk 0:10:00]} 31. Qf6+ {[%clk 0:03:20]} Kh6 {[%clk 0:10:28]} 32. Rf2
{[%clk 0:03:17]} Rd6 {[%clk 0:01:51]} 33. Qf3 {[%clk 0:03:41]} Qxf3+
{[%clk 0:00:52]} 34. Rxf3 {[%clk 0:04:09]} Ne5 {[%clk 0:01:11]} 35. Rh3+
{[%clk 0:04:36]} Kg7 {[%clk 0:01:25]} 36. Bc4 {[%clk 0:03:15]} Nxc4
{[%clk 0:01:14]} 37. bxc4 {[%clk 0:03:40]} Rf4 {[%clk 0:01:17]} 38. a3
{[%clk 0:03:01]} b3 {[%clk 0:00:40]} 39. Rxb3 {[%clk 0:02:44]} Rh4+
{[%clk 0:00:51]} 40. Kg2 {[%clk 0:31:52]} Rg6+ {[%clk 0:31:10]} 41. Rg3
{[%clk 0:31:38]} Rxc4 {[%clk 0:30:31]} 42. Rb1 {[%clk 0:21:23]} Rc3
{[%clk 0:21:10]} 43. Rxg6+ {[%clk 0:16:48]} hxg6 {[%clk 0:21:31]} 44. a4
{[%clk 0:17:01]} Ra3 {[%clk 0:20:44]} 45. Rb6 {[%clk 0:16:36]} Rxa4
{[%clk 0:20:44]} 46. Kf3 {[%clk 0:16:33]} Kh6 {[%clk 0:20:29]} 47. Rb5
{[%clk 0:16:34]} Ra1 {[%clk 0:19:09]} 48. Kg4 {[%clk 0:16:20]} Rg1+
{[%clk 0:13:32]} 49. Kh4 {[%clk 0:16:31]} Rh1+ {[%clk 0:13:26]} 50. Kg4
{[%clk 0:16:57]} Rh5 {[%clk 0:13:06]} 51. Rb8 {[%clk 0:16:57]} Rc5
{[%clk 0:13:04]} 52. Rh8+ {[%clk 0:17:08]} Kg7 {[%clk 0:13:23]} 53. Ra8
{[%clk 0:17:25]} g5 {[%clk 0:03:44]} 54. Ra6 {[%clk 0:16:46]} Kf7
{[%clk 0:04:07]} 55. Kf3 {[%clk 0:13:38]} Re5 {[%clk 0:04:29]} 56. Rd6
{[%clk 0:10:41]} Ke7 {[%clk 0:04:43]} 57. Rd4 {[%clk 0:09:37]} Kf6
{[%clk 0:04:17]} 58. Kg4 {[%clk 0:09:51]} Rb5 {[%clk 0:03:27]} 0-1

[Event "eytcc"]
[Site "?"]
[Date "2017.08.22"]
[Round "6.9"]
[White "Vykouk, Jan"]
[Black "Morozov, Nichita"]
[Result "1/2-1/2"]
[BlackElo "2458"]
[WhiteElo "2431"]
[LiveChessVersion "1.4.4"]

1. Nf3 {[%clk 1:30:55]} Nf6 {[%clk 1:29:34]} 2. c4 {[%clk 1:30:57]} g6
{[%clk 1:28:11]} 3. b3 {[%clk 1:30:33]} Bg7 {[%clk 1:27:47]} 4. Bb2
{[%clk 1:30:57]} O-O {[%clk 1:23:23]} 5. g3 {[%clk 1:29:01]} d6 {[%clk 1:21:23]}
6. d4 {[%clk 1:28:46]} c6 {[%clk 1:08:00]} 7. Bg2 {[%clk 1:29:03]} d5
{[%clk 1:08:19]} 8. O-O {[%clk 1:29:17]} Bf5 {[%clk 1:04:24]} 9. Nc3
{[%clk 1:27:07]} Ne4 {[%clk 1:03:50]} 10. Nxe4 {[%clk 1:21:22]} Bxe4
{[%clk 1:04:13]} 11. Qd2 {[%clk 1:21:12]} a5 {[%clk 1:00:50]} 12. Rfc1
{[%clk 1:20:07]} Nd7 {[%clk 0:53:45]} 13. cxd5 {[%clk 1:16:38]} cxd5
{[%clk 0:54:00]} 14. Qf4 {[%clk 1:12:37]} a4 {[%clk 0:53:25]} 15. Qc7
{[%clk 1:07:25]} b6 {[%clk 0:45:26]} 16. e3 {[%clk 0:59:56]} Nc5 {[%clk 0:42:14]}
17. Qxd8 {[%clk 0:53:32]} Rfxd8 {[%clk 0:42:39]} 18. Rc3 {[%clk 0:35:22]} axb3
{[%clk 0:34:15]} 19. a3 {[%clk 0:35:07]} Rdc8 {[%clk 0:24:50]} 20. Ne1
{[%clk 0:32:15]} Na4 {[%clk 0:22:30]} 21. Rxb3 {[%clk 0:32:24]} Bxg2
{[%clk 0:20:24]} 22. Kxg2 {[%clk 0:32:34]} e5 {[%clk 0:17:36]} 23. Rd1
{[%clk 0:27:10]} e4 {[%clk 0:15:14]} 24. Rd2 {[%clk 0:24:56]} f5 {[%clk 0:15:09]}
25. Rc2 {[%clk 0:23:01]} Kf7 {[%clk 0:15:04]} 26. Bc3 {[%clk 0:21:21]} Ke6
{[%clk 0:14:34]} 27. Kf1 {[%clk 0:17:18]} Rc4 {[%clk 0:13:06]} 28. Ke2
{[%clk 0:16:48]} Rac8 {[%clk 0:11:52]} 29. Kd2 {[%clk 0:14:59]} Bh6
{[%clk 0:11:55]} 30. Ba1 {[%clk 0:13:35]} Bf8 {[%clk 0:12:14]} 31. Bc3
{[%clk 0:07:48]} Nxc3 {[%clk 0:10:55]} 32. Rcxc3 {[%clk 0:08:11]} Rxc3
{[%clk 0:11:21]} 33. Rxc3 {[%clk 0:08:33]} Rxc3 {[%clk 0:11:46]} 34. Kxc3
{[%clk 0:09:00]} Bxa3 {[%clk 0:12:14]} 35. Kb3 {[%clk 0:09:20]} Bd6
{[%clk 0:11:24]} 36. Ka4 {[%clk 0:09:45]} Kd7 {[%clk 0:11:33]} 37. Kb5
{[%clk 0:10:08]} Kc7 {[%clk 0:12:00]} 38. Nc2 {[%clk 0:06:00]} g5
{[%clk 0:11:58]} 39. h3 {[%clk 0:03:50]} Kb7 {[%clk 0:10:17]} 40. Na1
{[%clk 0:32:10]} f4 {[%clk 0:36:12]} 41. gxf4 {[%clk 0:23:07]} gxf4
{[%clk 0:36:40]} 42. exf4 {[%clk 0:22:12]} Bxf4 {[%clk 0:37:06]} 43. Nc2
{[%clk 0:22:18]} Bg5 {[%clk 0:35:54]} 44. Nb4 {[%clk 0:21:00]} Bf6
{[%clk 0:36:00]} 45. Nxd5 {[%clk 0:17:37]} Bxd4 {[%clk 0:36:24]} 46. Ne3
{[%clk 0:17:58]} Bxe3 {[%clk 0:36:00]} 47. fxe3 {[%clk 0:18:23]} h5
{[%clk 0:36:27]} 48. h4 {[%clk 0:14:09]} Kc7 {[%clk 0:36:51]} 49. Kc4
{[%clk 0:14:34]} Kd6 {[%clk 0:37:07]} 50. Kd4 {[%clk 0:14:58]} b5
{[%clk 0:37:26]} 51. Kxe4 {[%clk 0:15:19]} Kc5 {[%clk 0:37:45]} 52. Kd3
{[%clk 0:14:49]} Kd5 {[%clk 0:38:10]} 53. Kc3 {[%clk 0:15:01]} Ke4
{[%clk 0:38:35]} 54. Kb4 {[%clk 0:15:27]} Kxe3 {[%clk 0:39:02]} 55. Kxb5
{[%clk 0:15:51]} Kf3 {[%clk 0:39:30]} 56. Kc4 {[%clk 0:16:06]} Kg3
{[%clk 0:39:55]} 57. Kd3 {[%clk 0:16:31]} Kxh4 {[%clk 0:40:22]} 1/2-1/2

[Event "eytcc"]
[Site "?"]
[Date "2017.08.22"]
[Round "6.10"]
[White "Macovei, Andrei"]
[Black "Havelka, Josef"]
[Result "1-0"]
[BlackElo "2338"]
[WhiteElo "2370"]
[LiveChessVersion "1.4.4"]

1. e4 {[%clk 1:30:57]} c5 {[%clk 1:30:52]} 2. Nf3 {[%clk 1:31:24]} Nc6
{[%clk 1:31:17]} 3. d4 {[%clk 1:31:34]} cxd4 {[%clk 1:31:41]} 4. Nxd4
{[%clk 1:32:02]} Nf6 {[%clk 1:31:53]} 5. Nc3 {[%clk 1:32:28]} d6 {[%clk 1:32:17]}
6. Bg5 {[%clk 1:32:21]} Bd7 {[%clk 1:32:24]} 7. Qd2 {[%clk 1:32:40]} Rc8
{[%clk 1:31:48]} 8. Nb3 {[%clk 1:33:06]} h6 {[%clk 1:18:54]} 9. Bxf6
{[%clk 1:33:32]} gxf6 {[%clk 1:19:19]} 10. Bd3 {[%clk 1:34:00]} Ne5
{[%clk 1:13:22]} 11. f4 {[%clk 1:34:11]} Nc4 {[%clk 1:09:08]} 12. Bxc4
{[%clk 1:34:34]} Rxc4 {[%clk 1:09:36]} 13. O-O-O {[%clk 1:33:54]} f5
{[%clk 1:00:20]} 14. e5 {[%clk 0:47:20]} e6 {[%clk 0:56:36]} 15. exd6
{[%clk 0:44:17]} Bg7 {[%clk 0:55:24]} 16. Ne2 {[%clk 0:30:24]} O-O
{[%clk 0:53:05]} 17. Qe3 {[%clk 0:27:44]} Qf6 {[%clk 0:48:32]} 18. c3
{[%clk 0:28:00]} Rfc8 {[%clk 0:39:52]} 19. Nd2 {[%clk 0:21:33]} Ra4
{[%clk 0:38:49]} 20. Nf3 {[%clk 0:21:39]} Re4 {[%clk 0:26:04]} 21. Qd2
{[%clk 0:20:32]} Ba4 {[%clk 0:24:21]} 22. Ng3 {[%clk 0:16:27]} Bxd1
{[%clk 0:18:18]} 23. Rxd1 {[%clk 0:16:55]} Ra4 {[%clk 0:16:27]} 24. Nh5
{[%clk 0:14:07]} Qd8 {[%clk 0:15:25]} 25. Nxg7 {[%clk 0:12:33]} Kxg7
{[%clk 0:15:50]} 26. Kb1 {[%clk 0:11:39]} Rc5 {[%clk 0:13:46]} 27. Qf2
{[%clk 0:10:53]} Raa5 {[%clk 0:12:03]} 28. Qd4+ {[%clk 0:10:59]} f6
{[%clk 0:11:29]} 29. c4 {[%clk 0:11:12]} Rc6 {[%clk 0:10:47]} 30. Rd3
{[%clk 0:09:27]} Rac5 {[%clk 0:08:25]} 31. Nd2 {[%clk 0:08:09]} a5
{[%clk 0:08:40]} 32. b3 {[%clk 0:07:07]} b6 {[%clk 0:06:52]} 33. Nf3
{[%clk 0:06:35]} Kf7 {[%clk 0:06:17]} 34. h3 {[%clk 0:06:45]} Qd7
{[%clk 0:05:15]} 35. g4 {[%clk 0:06:49]} b5 {[%clk 0:04:46]} 36. g5
{[%clk 0:05:09]} hxg5 {[%clk 0:04:09]} 37. fxg5 {[%clk 0:04:17]} e5
{[%clk 0:04:13]} 38. g6+ {[%clk 0:03:18]} Kg8 {[%clk 0:03:33]} 39. Qh4
{[%clk 0:03:13]} Rc8 {[%clk 0:02:22]} 40. Qxf6 {[%clk 0:33:07]} bxc4
{[%clk 0:31:39]} 41. Ng5 {[%clk 0:27:40]} cxb3 {[%clk 0:13:36]} 42. Qf7+
{[%clk 0:27:00]} Qxf7 {[%clk 0:13:55]} 43. gxf7+ {[%clk 0:26:02]} Kg7
{[%clk 0:09:42]} 44. Ne6+ {[%clk 0:26:04]} Kxf7 {[%clk 0:10:07]} 45. Nxc5
{[%clk 0:26:33]} e4 {[%clk 0:07:25]} 46. Rd5 {[%clk 0:24:47]} f4 {[%clk 0:04:09]}
47. Rf5+ {[%clk 0:22:58]} Kg6 {[%clk 0:04:22]} 48. d7 {[%clk 0:23:15]} 1-0